Dystrykty Portugalii - Statystyki

Ogólne statystyki
  • Ten quiz został rozwiązany 1 025 razy
  • Średni wynik to 7 z 22
Odpowiedzi na mapie
Odpowiedzi zakodowano w zielono-czerwonej skali na mapie do tego quizu, zgodnie z poniższymi procentami.
 
Statystyki odpowiedzi
Typ Nazwa jednostki % Poprawnych
Dystrykt Porto
87%
Region metropolitarny Porto
87%
Dystrykt Braga
55%
Dystrykt Faro
50%
Dystrykt Lizboński
45%
Dystrykt Beja
33%
Dystrykt Évora
27%
Dystrykt Setúbal
27%
Dystrykt Vila Real
27%
Dystrykt Bragança
26%
Dystrykt Coimbra
26%
Dystrykt Aveiro
25%
Region autonomiczny Azorów
24%
Dystrykt Portalegre
23%
Region metropolitarny Lizbony
21%
Region autonomiczny Madery
20%
Dystrykt Leiria
19%
Dystrykt Castelo Branco
18%
Dystrykt Guarda
18%
Dystrykt Viana do Castelo
17%
Dystrykt Santarém
15%
Dystrykt Viseu
15%
Nie znaleziono quizów pasujących do podanych kryteriów
Rozkład punktacji
Procent ludzi z każdym wynikiem
Percentyl według liczby udzielonych odpowiedzi
Twoja historia wyników
Nie rozwiązałeś tego quizu